000 00460nam a2200109Ia 4500
008 171212s9999 xx 000 0 und d
245 _ceditor Thomas Reuter,
_aSharing the Earth, Dividing the Land
_bLand and territory in the Austronesian world
260 _bANU E Press
_c2006
650 _aAnthropology
650 _aEthnology -- Asia, Southeastern; Ethnology -- Oceania; Southeast Asians; Pacific Islanders
856 _uwww.jstor.org/stable/10.2307/j.ctt2jbjn5
999 _c351309
_d351309